000 00253nam a2200097Ia 4500
001 687446
005 20250826161556.0
008 250824s9999 xx 000 0 und d
245 0 _aBENİM ADIM HİÇ KİMSE
_cFRANK COTTRELL BOYCE
260 _bTUDEM YAYINLARI
999 _c687446
_d687446